000 01375nam a2200265Ii 4500
003 JO-AjNU
005 20240623123711.0
008 230605s9999||||xx |||||||||||||| ||und||
040 _aJO-AjNU
_bara
_erda
_cJO-AjNU
041 _aara
050 _aHD62.15
_b2000
100 1 _aبني احمد، عودة احمد سليمان
_964925
_eمعد
245 0 _aالعوامل المؤثرة في اختيار عينات التدقيق في البنوك التجارية الاردنية = Factors Affecting the Selection of Audit Samples in the Jordanian Commercial Banks /
_cاعداد عودة احمد سليمان بني احمد ؛ شراف عبدالستار الكبيسي
260 _c2000
300 _a112 ورقة
336 _atext
_btxt
_2rdacontent
337 _aunmediated
_bn
_2rdamedia
338 _avolume
_bnc
_2rdacarrier
500 _aرسالم جامعية (رسالة ماجستير) .- جامعة آل البيت(المفرق،الاردن)، كلية الاقتصاد والعلوم الادارية، قسم المحاسبة، 2000.
501 _aتحتوي على ملاحق
504 _aتحتوي على مراجع باللغتين العربية والانجليزية
650 4 0 _aالبنوك التجارية-تدقيق.
_964929
700 1 _aالكبيسي، عبدالستار عبدالجبار
_964916
_eمشرف
942 _2lcc
_cTHS
999 _c33044
_d33044